000 00302nam a22001337a 4500
008 170804b xxu||||| |||| 00| 0 eng d
020 _a0273013246
041 _aeng
080 _a004
100 _a33
101 _aSHK
245 _aFUNDAMENTALS OF COMPUTER ALGORITHMS
_cHOROWITZ,E
942 _2udc
_cBK
999 _c22679
_d22679